Asas pengaturcaraan pangkalan data untuk aplikasi laman web = : Basic web database programming /

Bibliographic Details
Main Author: Rosli Ab. Ghani, 1970-
Format: Book
Published: Batu Caves, Selangor: Venton Pub, 2004.
Subjects:
LEADER 00798cam a2200241 7i4500
001 0000063024
005 20151104090000.0
005 ##20151104185400.0
003 ##MY-KlINT
020 # # |a 9832661447  
039 # 9 |y 201511041854  |z VLOAD 
090 0 0 |a 005.758 ROS  
100 1 # |a Rosli Ab. Ghani, 1970- 
245 1 0 |a Asas pengaturcaraan pangkalan data untuk aplikasi laman web = :   |b Basic web database programming /   |c [Rosli Ab Ghani]. 
260 # # |a Batu Caves, Selangor:   |b Venton Pub,   |c 2004. 
300 # # |a 570ms:   |b il;   |c 25cm +. 
650 # 0 |a Web databases  
650 # 0 |a Database design  
650 # 0 |a Object-oriented programming languages  
996 |a ikwas2011.out 
997 |a 3000014569  |b IKWS  |c MNF  |d BOK 
998 |a 0000010038 
999 |a 3000014569  |b BOOK  |c Main Non-Fiction  |e INTAN Kampus Wilayah Selatan